Seminár o transformácii výučby marketingu na Obchodnej fakulte Ekonomickej univerzity v Bratislave
V dňoch 11.-12.9.1996 sa uskutočnil seminár Katedry marketingu Obchodnej fakulty EU Bratislava z príležitosti 5. výročia vzniku katerdy. Seminár bol tematicky rozdelený na dve časti: Transformácia výučby marketingu na Obchodnej fakulte, Zasadnutie sekcie učiteľov marketingu na vysokých školách v ČR...
Uložené v:
| Hlavný autor: | |
|---|---|
| Médium: | Kapitola |
| Jazyk: | Slovak |
| Predmet: | |
| Tagy: |
Žiadne tagy, Buďte prvý, kto otaguje tento záznam!
|
MARC
| LEADER | 00000naa a2200000 4500 | ||
|---|---|---|---|
| 001 | r025697 | ||
| 005 | 20230921122311.5 | ||
| 041 | 0 | |a slo | |
| 044 | |a SK | ||
| 245 | 1 | 0 | |a Seminár o transformácii výučby marketingu na Obchodnej fakulte Ekonomickej univerzity v Bratislave |c Viktor Vávra |
| 520 | |a V dňoch 11.-12.9.1996 sa uskutočnil seminár Katedry marketingu Obchodnej fakulty EU Bratislava z príležitosti 5. výročia vzniku katerdy. Seminár bol tematicky rozdelený na dve časti: Transformácia výučby marketingu na Obchodnej fakulte, Zasadnutie sekcie učiteľov marketingu na vysokých školách v ČR a SR pri Českej marketingovej spoločnosti. | ||
| 610 | 2 | 0 | |a marketing |
| 610 | 2 | 0 | |a školy vysoké |
| 610 | 2 | 0 | |a Ekonomická univerzita v Bratislave |
| 610 | 2 | 0 | |a Slovensko |
| 610 | 2 | 0 | |a semináre |
| 610 | 2 | 0 | |a odbory študijné |
| 610 | 2 | 0 | |a transformácia |
| 100 | 1 | |a Vávra, Viktor | |